00946nam a2200205 a 450000100100000000500170001000800410002704000250006808200160009324500930010926000850020230000240028750000730031150400320038470000340041671000610045095201070051195201070061899900150072500000482720200929151520.0090727s1984 dr 000 0 spa d aDO-SdBNPbspacBNPHU axxxxbF723s00aFormación social dominicana y proceso salud-enfermedad /ccomposición Doris Pérez. aSanto Domingo :bTalleres del Centro de Investigación y Apoyo Cultural,c1984. av. :bil. ;c21 cm. aIncluye referencias bibliográficas y notas al pie de las páginas aBibliografías: p. 254-2591 aPérez, Doris,ecomp.9140181 aCentro de Investigación y Apoyo Cultural (CIAC)914019 0010718PDaPDbPDcCTd2009-07-27iLF1l0ot. 1p4827-10r2020-06-25w2020-06-25yLFPDZNo se presta 0010718PDaPDbPDcCTd2009-09-10iLF1l0ot. 2p4827-20r2020-06-25w2020-06-25yLFPDZNo se presta c4633d4633